00390nam a22001457a 4500003000400000005001700004008004100021020001800062040000900080082001900089100004000108245004600148260004100194300000900235OSt20201231105626.0191102b ||||| |||| 00| 0 eng d a9788192252803 coclc a954.035bGAN/H11aGandhi, Mahatmad1869-1948eMahatma aHind Swaraj /cMohandas Karamchand Gandhi aNew Delhi, bM K Internationalc2012 a127p